Normal view
MARC view
Entry Topical Term
001 - CONTROL NUMBER
- control field: 36125
003 - CONTROL NUMBER IDENTIFIER
- control field: OSt
005 - DATE AND TIME OF LATEST TRANSACTION
- control field: 20230228161403.0
008 - FIXED-LENGTH DATA ELEMENTS
- fixed length control field: 230228|| aca||aabn | a|a d
040 ## - CATALOGING SOURCE
- Original cataloging agency: OSt
- Transcribing agency: OSt
150 ## - HEADING--TOPICAL TERM
- Topical term or geographic name entry element: Empire, European, Native, Wrestling, Colonialism.
670 ## - SOURCE DATA FOUND
- Source citation: Work cat.: (OSt): Thomas, Ajay Jacob 36124, Reconfiguring colonial hierarchies: Examining the ‘European versus native wrestling’ debate in the late nineteenth-century India
